000
00283 a2200121 4500
001
64495
082
_a
910.4 MAS
090
_c
38123
_d
38123
100
_a
Maskeen Ali
245
_a
Dallar Kay Dais Main
_h
Urdu
260
_a
Lahore
_b
Sang-e-Meel Publications
_c
2005
300
_a
148p.
942
_a
NUST-CAE
_k
910.4 MAS
999
_c
299568
_d
299568